00530nam a2200193 a 450000100060000000300090000600800410001502000150005604000280007108200150009910000330011424500290014726000350017630000100021149000270022165000270024865000270027565000340030210248CO-ViMGA141112s2004 ck r 000 u spa d a8426708080 aCO-ViMGAbspacCO-ViMGA04a620.7 A7li1 aArbibes Malisani ; Eduardo, 10aIngeniería de Sistemas aBarcelona : bMarcombo, c1991 a157p. aColección productica14aDISEÑO EN INGENIERIA14aINGENIERIA DE SISTEMAS14aInvestigaciónES OPERACIONAL